000 00764cab a2200253 4500
001 WB3247-28
008 090401t1996 xxu||||| |||| 00| 0 eng d
035 _a(Sirsi) u69414
041 _aeng
245 _aWayleave payment rates
260 _c1996
350 _a0
490 _aEstates and Wayleaves Committee Press Release
_v11 December 1996, (2)
520 _aSchedule of wayleave payments to compensate landowners for the presence of electrical apparatus on their land. Applicable from 1 April 1997.
650 _aELECTRICITY PYLONS
650 _aLANDOWNERS
650 _aOVERHEAD POWERLINES
650 _aSCHEDULE OF RATES
650 _aWAYLEAVE PAYMENTS
690 _aLAND
690 _aRURAL PRACTICE
942 _n0
948 _c04/03/1997
999 _c43595
_d43595